• 首页
  • 本馆介绍
  • 公告通知
  • 最新文献
  • 馆藏检索
  • 电子资源
  • 读者导购
  • 参考咨询
  • 我的图书馆
  • 登录
  • 详细信息显示
  • 放入我的书架
  • 预约/预借图书
  • 作者相关作品
  • 分类相关作品
  • 丛书相关作品
  • 出版社相关作品

书目信息

  • 表格格式
  • 工作单格式
  • 卡片格式
题名:
二、三年制师范专科学校教学大纲
    
 
作者:
分册:  
出版信息: 北京   高等教育出版社  1983
页数: 181页
开本: 21cm
丛书名:
单 册:
中图分类: G658.3-41 , G652.3
科图分类:
主题词: 师范大学-教学大纲 , 教学大纲-师范大学 , 教育--各级
电子资源:
ISBN:
000 00721nam0 2200253 45
001 0183011150
005 20070718092405.65
010    @dCNY0.54
091    @a7010.0573
100    @a19950224d1983 em y0chiy0121 ea
101 0  @achi
102    @aCN@b110000
105    @ay z 000yy
200 10 @a二、三年制师范专科学校教学大纲@AEr、San Nian Zhi Shi Fan Zhuan Ke Xue Xiao Jiao Xue Da Gang@e供物理专业试用
210    @a北京@c高等教育出版社@d1983
215    @a181页@d21cm
606    @a师范大学-教学大纲
606    @a教学大纲-师范大学
606 0  @a教育@x各级
690    @aG658.3-41@v3
690    @aG652.3@v3
801  0 @aCN@b上海图书馆@c20070718
801  2 @aCN@bNLC@c20060812
905    @f2@b155337-338@dG652.3@e21
    
    二、三年制师范专科学校教学大纲:供物理专业试用.-北京:高等教育出版社,1983
    181页;21cm
    
    
    ISBN :CNY0.54
    
●
相关链接 在E读中查询图书 在五车中查询图书 在当当中查询图书 在豆瓣中查询图书


正题名:二、三年制师范专科学校教学大纲     索取号:G652.3/21         预约/预借

序号 登录号 条形码 馆藏地/架位号 状态 备注
1 0155337   001001953   密集书库/ [索取号:G652.3/21] 在馆    
2 0155338   001001908   密集书库/ [索取号:G652.3/21] 在馆    
3 0155339   000491382   第一样本阅览室/ [索取号:G652.3/21] 在馆    
4 0425321   204253217   密集书库/ [索取号:G652.3/21] 在馆    
5 0441855   204418558   密集书库/ [索取号:G652.3/21] 在馆    
6 0442201   204422017   密集书库/ [索取号:G652.3/21] 在馆    
7 0446934   204469342   密集书库/ [索取号:G652.3/21] 在馆    
8 0449074   204490746   密集书库/ [索取号:G652.3/21] 在馆    
9 0767100   207671009   密集书库/ [索取号:G652.3/21] 在馆    
唐山师范学院图书馆 欢迎您!
大连网信软件有限公司© 版权所有